Fr. Conceicao Rodrigues College of Engineering

Handbook of electronic calculation (Record no. 27372)

MARC details
000 -LEADER
fixed length control field 00305nam a2200133Ia 4500
082 ## - DEWEY DECIMAL CLASSIFICATION NUMBER
Classification number 621.381
Item number KAU
100 ## - MAIN ENTRY--PERSONAL NAME
Personal name Kaufman/M/ Seidman/A.H
250 ## - EDITION STATEMENT
Edition statement 2
245 ## - TITLE STATEMENT
Title Handbook of electronic calculation
260 ## - PUBLICATION, DISTRIBUTION, ETC.
Name of publisher, distributor, etc. McGraw Hill
Place of publication, distribution, etc. New York
Date of publication, distribution, etc. 1988
546 ## - LANGUAGE NOTE
Language note ENGLISH
654 ## - SUBJECT ADDED ENTRY--FACETED TOPICAL TERMS
Focus term handbook
942 ## - ADDED ENTRY ELEMENTS (KOHA)
Koha item type Reference Book
Holdings
Withdrawn status Lost status Damaged status Not for loan Collection Home library Current library Shelving location Date acquired Cost, normal purchase price Total Checkouts Full call number Barcode Date last seen Cost, replacement price Price effective from Koha item type
        CRC Fr. Agnel's C.Rodrigues College of Engineering Fr. Agnel's C.Rodrigues College of Engineering   17/03/2023 948.00   621.381 KAU 2639 17/03/2023 948.00 17/03/2023 Reference Book